00799cas a22002417a 450000500170000000800410001701000100005801100100006803500100007824501210008826000800020930000070028931000140029636200180031050000370032850000500036565000420041586600170045786600220047486600210049686600190051786600210053620220329142040.0990426d1969 it ur pernn 0 uub1ita d a77602 a78574 a8857600aAnnali dell'Istituto Sperimentale per le Colture Industrialic/per Instituto Sperimentale per le Colture Industriali0 aBologna, Italia :bIstituto Sperimentale per le Colture Industriali,c1969- av. aIrregular av.8 n.2, 1976 aContiene resúmenes en inglés aSe dejo de recibir a partir del v.8 n.2, 197614aCultivosxPublicaciones periódicas. an.1-2 (1970) an.4-5 (1972-1973) av.6 n.1-2 (1974) av.7 n.1 (1975) av.8 n.1-2 (1976)